| 000 | 01094cmm a2200313 a 4500 | ||
|---|---|---|---|
| 001 | 5000224 | ||
| 003 | PILC | ||
| 005 | 20150507113803.0 | ||
| 008 | 931014s1993 wau b | ||
| 010 | _a 93790590 | ||
| 040 |
_aDLC _cDLC _dDLC |
||
| 041 | 0 | _geng | |
| 050 | 0 | 0 |
_aQA 76.76.O63 _b.T136 1993 |
| 082 | 1 | 0 | _a005.4 |
| 245 | 0 | 0 |
_aTake a road trip with the MS-DOS 6 upgrade : _buser's guide / |
| 256 | _aComputer program. | ||
| 260 |
_a[Redmond, Wash.] : _bMicrosoft, _c1993. |
||
| 300 |
_axix, 321 pages : _c23 cm. _eillustrations ; |
||
| 440 | 0 | _aMS-DOS series | |
| 530 | _aIssued also with 360K or 720K disks. | ||
| 538 | _aSystem requirements: IBM-compatible PC with 8088 or higher processor; 512K RAM; MS-DOS 2.11 or later, compatible operating system, or OS/2; high-density floppy disk drive. | ||
| 650 | 0 |
_aOperating systems (Computers) _xSoftware. |
|
| 710 | 2 | _aMicrosoft Corporation. | |
| 740 | 0 | _aMS-DOS 6 upgrade. | |
| 753 |
_aIBM PC _cDOS 6.0 |
||
| 906 |
_a7 _bcbc _corignew _du _encip _f19 _gy-gencompf |
||
| 942 |
_2lcc _cBK |
||
| 999 |
_c283881 _d283881 |
||